| 000 | 02717 a2200265 4500 | ||
|---|---|---|---|
| 999 |
_c4565 _d4565 |
||
| 010 | _aENG-86396-423 | ||
| 020 |
_a8181573927 (v.308) _c100.00 (v.308) |
||
| 020 |
_a8181573935 (v.309) _c100.00 (v.309) |
||
| 020 |
_a818157396X (v.310) _c100.00 (v.310) |
||
| 020 |
_a8181573978 (v.311) _c100.00 |
||
| 020 |
_a8181573986 (v.312) _c100.00 |
||
| 020 |
_a8181573994 (v.313) _c100.00 |
||
| 020 |
_a8181574044 (v.318) _c100.00 |
||
| 020 |
_a8181574052 (v.319) _c100.00 |
||
| 035 | _aEN-69929-56 | ||
| 037 | _bDBAD / PUB | ||
| 082 | _a230.1 | ||
| 245 |
_aThe Mahabharata of vyasa / _ctranlated by P.Lal |
||
| 260 |
_aCalcutta _bWriters Workshop _c2005 |
||
| 270 |
_a162/92, Lake Gardens, _bCalcutta _cWest Bengal |
||
| 300 | _a29 V. | ||
| 500 | _aThis book published in multi-volume & D.B.Act section received from vol.no. 308 to 335 (29 vols) in Aug., 2007. v.308 The Raja-dharma-anusasana sabhyadi-laksana--kathana ... (36p.) v.309 The Raja-dharma-anusasana durga-pariksaya ... (36p.) v.310 The Raja-dharma-anusasana rastra-gupta ... (44p.) v.311 The Raja-dharma-anusasana vama-deva-gita ... (35p.) v.312 The Raja-dharma-anusasana vijigisamanavrtta ... (35p.) v.313 The Raja-dharma-anusasana vijigisamanavrtte & sena-niti-kathana ... (20p.) v.314 The Raja-moksa-dharma-anusasana sena-niti-kathane & indra-brhaspati-samvada ... (21p.) v.315 The Raja-dharma-anusasana kalakavrksiye parva ... (24p.) v.316 The Raja-dharma-anusasana gunavrtte matr-pitr-guru-mahatmye ... (23p.) v.317 The Raja-dharma-anusasana durgattarana ... (28p.) v.318 The Raja-dharma-anusasana ustsgrivopakhyana ... (25p.) v.319 The Raja-dharma-anusasana parvani svarsisamvada ... (32p.) v.320 The Raja-dharma-anusasana parvani danda ... (25p.) v.321 The Kamandakangaristha-samvada and silarvanam ... (21p.) v.322 The rsabha-gita in the raja-dharma ... (21p.) v.323 The yama-gautama-samvada, apad-dharma-parvani ... (21p.) v.324 The Apad-dharma-parvani kayavya ... (21p.) v.325 The marjara-musika-samvada ... (25p.) v.326 The marjara-musika-samvada ... (23p.) v.327 The Apad-dharma-parvani brahmadatta ... (24p.) v.328 The Apad-dharma-parvani kanika-upadesa ... (16p.) v.329 The Apad-dharma-parvani visvamitrasvapaca-samvada ... (24p.) v.330 The Apad-dharma-parvani kapota-lubdhaka-samvada-upakrame parva ... (22p.) v.331 The Apad-dharma-parvani kapota-lubdhaka-samvada, kapota-svarga-gamana ... (34p.) v.332 The Apad-dharma-parvani grdhragomayu-samvade ... (27p.) v.333 The Apad-dharma-parvani pavana-salmali-samvada ... (18p.) v.334 The Apan-mula-bhota-dosaka-kathana, ajnana-mahatmya ... (29p.) v.335 The Apad-dharma-parvani lobhanirupane ... (26p.) | ||
| 700 | 1 | _aLal, P. L. | |
| 942 |
_adpl _cEN _2ddc _h230.1 _mMAH |
||